| 000 | 00636nam a2200205 i 4500 | ||
|---|---|---|---|
| 001 | 37722 | ||
| 003 | ES-MaACL | ||
| 005 | 20230906155631.0 | ||
| 007 | t| | ||
| 008 | 030221s1963 sp ||||1| spa d | ||
| 100 | 1 |
_aBychowski, Gustav. _933007 |
|
| 245 | 1 | 0 |
_aDictadores _b: una interpretación psicoanalítica de la historia / _cGustav Bychowski ; traducción Luis Solano Costa. |
| 260 |
_aBarcelona : _bMateu, _c[1963] |
||
| 300 |
_a287 p. ; _c18 cm. |
||
| 490 | 1 | _aTodo para muchos | |
| 700 | 1 |
_aSolano Costa, Luis. _9107084 |
|
| 830 | 0 |
_aTodo para muchos _9181717 |
|
| 852 |
_aES-MaACL _jC-23730 _bR.52594 |
||
| 999 |
_c37722 _d37722 |
||